=LDR 00000nam 2200000 4500 =001 INLIS000000000002334 =005 20130612090700 =008 ***********************************Ind** =035 ##$$0010-061300000002334 =041 ##$$a Ind =082 ##$$a 959.8 =090 ##$$a 959.8, Fre p =100 ##$$a Frederck,William H =245 ##$$a Pandangan dan gejolak masyarakat kota dan lahirnya revolusi Indonesia (Surabaya 1926-1946), William H.Frederick;Penerjemah,Hermawan Sulistyo =260 ##$$a Gramedia $b Jakarta =300 ##$$a xxxiii,418 hlm, 21 cm =650 ##$$a Indonesia =650 ##$$a Sejarah =700 ##$$a Sulistyo,Hermawan =850 ##$$a NBPNMAT